Song Titles: Missing Names - 1970's - Statistics

General Stats
  • This quiz has been taken 273 times
  • The average score is 6 of 20
Answer Stats
Artist Song Title % Correct
David Bowie Song For {Bob} Dylan
82%
Lynn Anderson (I Never Promised You A) {Rose} Garden
79%
Paul Simon Me And {Julio} Down By The Schoolyard
71%
Steely Dan {Rikki} Don't Lose That Number
58%
Paul & Linda McCartney Uncle {Albert} / Admiral Halsey
54%
Stackridge {Dora} The Female Explorer
38%
Silver Convention Fly {Robin} Fly
38%
AC/DC Whole Lotta {Rosie}
38%
Velvet Underground Sweet {Jane}
30%
Rod Stewart The Killing Of {Georgie}
29%
ELO The Diary Of {Horace} Wimp
21%
Elton John Song For {Guy}
20%
The Piglets {Johnny} Reggae
14%
Lindisfarne Lady {Eleanor}
14%
Cockney Rebel {Judy} Teen
13%
Bob Dyan The Ballad Of {Ira} Hayes
11%
10cc The {Dean} and I
8%
Dandy Livingstone {Suzanne}, Beware Of The Devil
7%
Eric Donaldson {Cherry} Oh Baby
6%
Roy Wood Dear {Elaine}
3%
No matching quizzes found
Score Distribution
Percent of People with Each Score
Percentile by Number Answered
Your Score History
You have not taken this quiz